1798 1443 1810 1352 1147 1551 1307 1725 1449 1092 1620 1179 1250 1691 1998 1739 1374 1952 1632 1931 1773 1153 1424 1979 1682 1978 1242 1480 1640 1162 1213 1432 1082 1771 1687 1493 1183 1541 1524 1481 1591 1509 1616 1327 1159 1892 1390 1961 1707 1187 1433 1855 1326 1223 1915 1057 1163 1340 1555 1034 1156 1087 1250 1019 1779 1352 1887 1828 1601 1064 1756 1021 1688 1698 1028 1957 1658 1731 1090 1867 1957 1080 1424 1056 1960 1542 1243 1634 1925 1173 1062 1137 1173 1630 1619 1133 1714 1418 1121 BCNSPRNW ULIB Ver.6.0+V

เปลี่ยนเป็นภาษาไทย

Change to English
 แสดงรายละเอียดบรรณานุกรม
  กลับหน้าหลัก

Brief Record : Get Marc (ISO 2709) : E-mail record : QR code < ปิดหน้าต่าง
LEADER : 00000nas 2200000uu 4500
001    13399124760
003     ULIB
008    160309s||||||||th 000 0 tha d
022    ^a19061773
110    ^aสถาบันพระบรมราชชนก
245    ^aวารสารการพยาบาลและการศึกษา(วิทยาเขตนครสวรรค์)/^cสถาบันพระบรมราชชนก
260    ^aนนทบุรี :^bสถาบันพระบรมราชชนก,^cม.ป.ป.
310    ^aรายสามเดือน
850 ^a ULIB:campus^bปีที่ 8 ฉบับที่ 4 ฉ.1
945    ^p0^l0^i801592
999    ^aทศพร เกษรทอง
รายการนี้ยังไม่มีแท็ก
คุณยังไม่ได้ล็อกอิน คุณสามารถมีกิจกรรมร่วมกับเว็บไซต์ได้ แต่ต้องล็อกอินก่อน ::
  ล็อกอิน

รายการสื่อสารสนเทศ (วารสาร)

ดูแบบ: กล่อง รายการ
ARRIVED
ปีที่ 8 ฉบับที่ 4 ฉ.1
สถานที่: ห้องสมุดวิทยาเขตนครสวรรค์ >วารสาร

BibComment


ยังไม่เคยถูกคอมเมนท์

คอมเมนท์ทรัพยากรรายการนี้
  คอมเมนท์: วารสารการพยาบาลแ..


 Copyright 2026. Bcnsprnw @Library